[Event "World Rapid Women 2022"]
[Site "Almaty KAZ"]
[Date "2022.12.26"]
[Round "3.28"]
[White "Nomin-Erdene, Davaademberel"]
[Black "Petrova, Irina"]
[Result "1-0"]
[WhiteTitle "IM"]
[BlackTitle "WIM"]
[WhiteElo "2384"]
[BlackElo "2123"]
[WhiteFideId "4900782"]
[BlackFideId "14124122"]
[EventDate "2022.12.26"]

1. e4 d6 2. d4 g6 3. Nc3 Bg7 4. Be3 a6 5. a4 Nf6 6. f3 Nc6 7. Nge2 e5 8. Qd2 O-O
9. d5 Ne7 10. Rd1 Ne8 11. g4 f5 12. gxf5 gxf5 13. Bg5 fxe4 14. fxe4 Nf6 15. Rg1
Ng6 16. Ng3 Qe8 17. h3 Kh8 18. Qg2 Qf7 19. Be2 Nf4 20. Bxf4 exf4 21. Nh1 Bd7 22.
Nf2 Rae8 23. Nd3 Rg8 24. Qf3 Qe7 25. Nf2 Nh5 26. Kd2 Ng3 27. Qxf4 Nxe2 28. Kxe2
Ref8 29. Qe3 Qf7 30. Rdf1 Qh5+ 31. Ng4 Rxf1 32. Kxf1 Rf8+ 33. Ke1 Qf7 34. Ke2
Bxg4+ 35. hxg4 Be5 36. Nd1 Qg7 37. c3 Rf4 38. Nf2 Qf8 39. Nd3 Rf7 40. g5 Bg7 41.
g6 Re7 42. gxh7 Qe8 43. Nf2 Qh5+ 44. Kd3 c6 45. Rh1 Qe8 46. dxc6 Qxc6 47. Qg5
Qe8 48. Rg1 Qf7 49. Rg2 Qf3+ 50. Kc2 Qe2+ 51. Kb3 Rd7 52. Qf5 Rc7 53. Qe6 Qh5
54. Qg8# 1-0

[Event "World Rapid Women 2022"]
[Site "Almaty KAZ"]
[Date "2022.12.26"]
[Round "3.29"]
[White "Balajayeva, Khanim"]
[Black "Kairbekova, Amina"]
[Result "1-0"]
[WhiteTitle "WGM"]
[BlackTitle "WIM"]
[WhiteElo "2379"]
[BlackElo "2209"]
[WhiteFideId "13406396"]
[BlackFideId "13712799"]
[EventDate "2022.12.26"]

1. e4 e5 2. Nf3 Nc6 3. Bc4 Nf6 4. d3 h6 5. O-O d6 6. c3 g5 7. Nbd2 Bg7 8. Bb3
O-O 9. Nc4 g4 10. Nfd2 Ne7 11. f3 Ng6 12. Ne3 h5 13. fxg4 Nxg4 14. Nxg4 Bxg4 15.
Qe1 Nf4 16. h3 Be6 17. Nf3 Qf6 18. Bxf4 exf4 19. Qd2 Bh6 20. Bc2 Qg7 21. Kh1 f5
22. Nd4 Bd7 23. Qe2 Qg6 24. exf5 Bxf5 25. Nxf5 Qxf5 26. d4 Qg5 27. Qe4 Qg7 28.
Qxb7 Kh8 29. Qf3 Rab8 30. Bb3 Rb5 31. Rae1 Rg5 32. Re6 Rgf5 33. Rfe1 Qg5 34. Bc2
R5f6 35. Rxf6 Rxf6 36. Re8+ Kg7 37. Qe4 Rf7 38. Re6 Kg8 39. Rg6+ 1-0

[Event "World Rapid Women 2022"]
[Site "Almaty KAZ"]
[Date "2022.12.26"]
[Round "3.30"]
[White "Mkrtchyan, Mariam"]
[Black "Nasybullina, Alfia"]
[Result "1-0"]
[WhiteTitle "WIM"]
[BlackTitle "WIM"]
[WhiteElo "2364"]
[BlackElo "2027"]
[WhiteFideId "13310828"]
[BlackFideId "4132416"]
[EventDate "2022.12.26"]

1. d4 Nf6 2. c4 c5 3. d5 e6 4. Nc3 exd5 5. cxd5 d6 6. e4 g6 7. Nf3 Bg7 8. Nd2
O-O 9. Be2 b6 10. O-O Ba6 11. h3 Re8 12. Re1 Bxe2 13. Rxe2 a6 14. a4 Nbd7 15.
Nc4 Ne5 16. Ne3 b5 17. axb5 axb5 18. Rxa8 Qxa8 19. Nxb5 Rb8 20. Nc3 Qa6 21. Rd2
Rb4 22. f4 Nc4 23. Nxc4 Qxc4 24. e5 Nd7 25. e6 fxe6 26. dxe6 Qxe6 27. Re2 Bd4+
28. Qxd4 cxd4 29. Rxe6 dxc3 30. bxc3 Rb1 31. Re1 Nc5 32. Bd2 Rxe1+ 33. Bxe1 Kf7
34. Kf1 Ke6 35. Ke2 Kd5 36. Ke3 h5 37. g4 hxg4 38. hxg4 Nd7 39. Bh4 Ke6 40. Kd4
Nc5 41. Bd8 Nb3+ 42. Kc4 Nd2+ 43. Kd3 Nb3 44. Bb6 Kd5 45. Kc2 Ke4 46. f5 gxf5
47. gxf5 Kd5 1-0

[Event "World Rapid Women 2022"]
[Site "Almaty KAZ"]
[Date "2022.12.26"]
[Round "3.31"]
[White "Buksa, Nataliya"]
[Black "Balabayeva, Xeniya"]
[Result "1-0"]
[WhiteTitle "IM"]
[BlackTitle "WIM"]
[WhiteElo "2405"]
[BlackElo "2183"]
[WhiteFideId "14123622"]
[BlackFideId "13719688"]
[EventDate "2022.12.26"]

1. e4 c5 2. Nf3 e6 3. d4 cxd4 4. Nxd4 Nf6 5. Nc3 Nc6 6. Nxc6 bxc6 7. e5 Nd5 8.
Ne4 Bb7 9. c4 Nb4 10. Bd2 c5 11. Bxb4 Bxe4 12. Bc3 h5 13. Qd2 g6 14. f3 Bc6 15.
Bd3 Bh6 16. Qf2 Qe7 17. Be4 Rc8 18. O-O O-O 19. Rad1 Bxe4 20. fxe4 Rc6 21. Rd3
Rb8 22. Rfd1 Rb7 23. a3 Rbc7 24. h4 Bg7 25. g3 g5 26. Kh1 Rb7 27. Qf3 g4 28. Qf2
Ra6 29. Qd2 Ra4 30. Qc2 Rxc4 31. b3 Rxe4 32. Qg2 c4 33. Qxe4 cxd3 34. Qxb7 Qc5
35. Qb8+ Kh7 36. Qb4 Qe3 37. Qf4 Qe2 38. Re1 Qc2 39. Qd2 Qxc3 1-0

[Event "World Rapid Women 2022"]
[Site "Almaty KAZ"]
[Date "2022.12.26"]
[Round "3.32"]
[White "Pourkashiyan, Atousa"]
[Black "Nomindalai, Tumurbaatar"]
[Result "1-0"]
[WhiteTitle "WGM"]
[BlackTitle "CM"]
[WhiteElo "2321"]
[BlackElo "2132"]
[WhiteFideId "12502014"]
[BlackFideId "4904095"]
[EventDate "2022.12.26"]

1. e4 c5 2. Nf3 Nc6 3. d4 cxd4 4. Nxd4 g6 5. c4 Nf6 6. Nc3 d6 7. Be2 Nxd4 8.
Qxd4 Bg7 9. Bg5 O-O 10. Qd2 Qa5 11. O-O Be6 12. Rac1 a6 13. f3 Rfc8 14. b3 b5
15. Nd5 Qxd2 16. Bxd2 Nxd5 17. cxd5 Bd4+ 18. Kh1 Bd7 19. g4 Bb2 20. Rcd1 a5 21.
Kg2 Bc3 22. Kf2 Be5 23. Rc1 Bxh2 24. f4 g5 25. fxg5 Be5 26. Ke3 f6 27. gxf6 Bxf6
28. Kf3 Be5 29. Kg2 Bb2 30. Rcd1 Ba3 31. Be3 Bb4 32. Rc1 Ba3 33. Rcd1 Rc2 34.
Rd2 Rac8 35. Bd3 R2c3 36. Bd4 Rc1 37. Rxc1 Rxc1 38. Kf3 Bb4 39. Rc2 Rd1 40. Ke3
Bxg4 41. Bxb5 h5 42. Rg2 Ba3 43. Bc3 Bc5+ 44. Kf4 Kf7 45. Bxa5 Bd4 46. Be2 Be5+
47. Kg5 Bf6+ 48. Kh6 Bxe2 49. Rxe2 h4 50. Rh2 Rg1 51. Bd2 Rg4 52. a4 Rg8 53. Kh5
Rg3 54. b4 h3 55. a5 Ra3 56. Kg4 Ra2 57. Kxh3 e6 58. b5 exd5 59. exd5 Rb2 60. b6
Bd4 61. Kg4 Kg7 62. Bh6+ Kg6 63. Rxb2 Bxb2 64. b7 1-0

[Event "World Rapid Women 2022"]
[Site "Almaty KAZ"]
[Date "2022.12.26"]
[Round "3.33"]
[White "Hajiyeva, Laman"]
[Black "Muminova, Nafisa"]
[Result "1/2-1/2"]
[WhiteTitle "WFM"]
[BlackTitle "WGM"]
[WhiteElo "2135"]
[BlackElo "2274"]
[WhiteFideId "13415875"]
[BlackFideId "14201526"]
[EventDate "2022.12.26"]

1. e4 e6 2. d3 d5 3. Nd2 Nf6 4. Ngf3 Nc6 5. g3 dxe4 6. dxe4 Bc5 7. Bg2 e5 8. O-O
O-O 9. h3 a5 10. c3 b6 11. Nb3 Ba6 12. Qxd8 Raxd8 13. Re1 Be7 14. Bg5 Rd7 15.
Nbd2 h6 16. Bxf6 Bxf6 17. Nf1 Ne7 18. Ne3 h5 19. h4 Rfd8 20. Bh3 Rd6 21. c4 c6
22. Rac1 Rd3 23. c5 b5 24. Bf1 R3d7 25. a4 Rb7 26. Red1 Ra8 27. axb5 Bxb5 28.
Bxb5 Rxb5 29. Nc4 Rxc5 30. Ncxe5 Rxe5 31. Nxe5 Bxe5 32. Rd7 Ng6 33. Rb7 Rc8 34.
Rd1 Nf8 35. f4 Bc7 36. Kg2 f6 37. Kf3 Bd8 38. e5 fxe5 39. fxe5 Bc7 40. Ke4 Ne6
41. Rc1 Nd8 42. Rb3 Bb8 43. Kf5 Nf7 44. e6 Nd6+ 45. Kg6 Re8 46. Re3 Nc8 47. Kxh5
c5 48. Rd1 Bd6 49. Ra1 Bc7 50. Re2 Ne7 51. Kg4 Nd5 52. Rf1 Nf6+ 53. Kh3 Nh5 54.
Rf7 Nxg3 55. Re3 Rxe6 56. Rxe6 Kxf7 57. Rc6 Bf4 58. Rxc5 Ne2 59. Rxa5 Nd4 60.
Kg4 Be3 61. Re5 Bd2 62. Rd5 Be3 63. Rd7+ Kf6 64. Rd6+ Ke5 65. Rd7 Kf6 66. b4 Ne6
67. Kf3 Bd4 68. b5 Ke5 69. Kg4 Bb6 70. Rb7 Bd4 71. Kh5 Bf2 72. b6 Kd6 73. Rb8
Kc6 74. b7 Kc7 75. Re8 Nf4+ 76. Kg4 Kxb7 77. Re7+ Kc6 78. Kxf4 Bxh4 79. Rxg7 Kd5
80. Kf5 Kd6 81. Rg6+ Kd5 82. Rh6 Bf2 83. Rh8 Bb6 84. Rb8 Bc7 85. Rc8 Bb6 86. Rc2
Ba5 87. Rc1 Bb6 88. Rd1+ Kc6 89. Ke5 Be3 90. Rd3 Bg1 91. Rc3+ Kb7 92. Kd6 Bh2+
93. Kd5 Kb6 94. Rh3 Bf4 95. Rb3+ Kc7 96. Rf3 Bh2 97. Rf6 Bg1 98. Rc6+ Kb7 99.
Rc1 Be3 100. Rc3 Bg1 101. Rc2 Be3 102. Kd6 Bf4+ 103. Kc5 Be3+ 104. Kb5 Bf4 105.
Rf2 Bg3 106. Rf7+ Ka8 107. Kb6 Bh2 108. Rf8+ Bb8 109. Rf2 Ba7+ 1/2-1/2

[Event "World Rapid Women 2022"]
[Site "Almaty KAZ"]
[Date "2022.12.26"]
[Round "3.34"]
[White "Shuvalova, Polina"]
[Black "Mikheeva, Galina"]
[Result "1-0"]
[WhiteTitle "IM"]
[BlackTitle "WFM"]
[WhiteElo "2502"]
[BlackElo "1969"]
[WhiteFideId "24171760"]
[BlackFideId "44108320"]
[EventDate "2022.12.26"]

1. e4 e5 2. Nf3 Nc6 3. Bb5 Nf6 4. O-O Nxe4 5. Re1 Nd6 6. a4 Be7 7. Nc3 O-O 8. d4
e4 9. Nxe4 Nxe4 10. Rxe4 d5 11. Re1 Bg4 12. c3 Bd6 13. h3 Bh5 14. Be2 Re8 15. a5
a6 16. Be3 Bxf3 17. Bxf3 Ne7 18. Qb3 Qd7 19. Bg4 f5 20. Bh5 g6 21. Bf3 Kg7 22.
Qc2 c6 23. b3 Ng8 24. Re2 Nf6 25. Rae1 Kf7 26. Qc1 Qc7 27. b4 Ne4 28. Rc2 b5 29.
axb6 Qxb6 30. Bf4 Qc7 31. Bxd6 Qxd6 32. Ra2 Re7 33. Be2 Rae8 34. Bxa6 Nf6 35.
Rxe7+ Rxe7 36. Bf1 f4 37. Ra6 Qc7 38. c4 dxc4 39. Qxc4+ Kg7 40. Rxc6 Qb8 41. d5
Re1 42. Qc3 Qe5 43. Qxe5 Rxe5 44. d6 Rd5 45. f3 Ne8 46. Rc7+ Kh6 47. Re7 Nxd6
48. Rd7 Rd1 49. b5 Rxf1+ 50. Kxf1 Nxb5 51. Ke2 Nc3+ 52. Kd2 Na4 53. Rd4 Nc5 54.
Rxf4 Kg5 55. Ke3 h5 56. h4+ Kh6 57. Rc4 Ne6 58. Rc6 Nd8 59. Rb6 Kg7 60. Kf4 Nf7
61. g4 hxg4 62. fxg4 Nh6 63. Rb7+ Kg8 64. Kg5 Nf7+ 65. Kxg6 Ne5+ 66. Kf5 Nf7 67.
Kf6 Nd6 68. Rg7+ Kf8 69. Rd7 Ne4+ 70. Kf5 Ng3+ 71. Ke5 1-0

[Event "World Rapid Women 2022"]
[Site "Almaty KAZ"]
[Date "2022.12.26"]
[Round "3.35"]
[White "Osmak, Yuliia"]
[Black "Nurgali, Nazerke"]
[Result "1/2-1/2"]
[WhiteTitle "IM"]
[BlackTitle "WIM"]
[WhiteElo "2451"]
[BlackElo "2168"]
[WhiteFideId "14101602"]
[BlackFideId "13711261"]
[EventDate "2022.12.26"]

1. e4 c6 2. d4 d5 3. e5 Bf5 4. Nf3 e6 5. Be2 Nd7 6. O-O a6 7. c3 h6 8. a4 c5 9.
Na3 Ne7 10. dxc5 Nxc5 11. Nd4 Bh7 12. Nac2 Nc6 13. b4 Nd7 14. f4 Be7 15. f5
Ndxe5 16. fxe6 O-O 17. exf7+ Rxf7 18. Rxf7 Kxf7 19. Bg4 Kg8 20. Be6+ Kh8 21. Bf4
Bf6 22. Qh5 Nd3 23. Be3 Nce5 24. Rf1 Nb2 25. Nf5 Nbc4 26. Bf4 Nd3 27. Ncd4 Nxf4
28. Rxf4 Ne5 29. Qh3 Bg5 30. Rf1 Bf6 31. Kh1 Nc6 32. Qf3 Nxd4 33. cxd4 Bxf5 34.
Bxf5 Bxd4 35. Bb1 Bf6 36. Qf5 Qg8 37. Qg6 Rf8 38. h3 Be7 39. Bf5 Rf6 40. Qg4 Qf8
41. Rf3 Bxb4 42. Bd3 Rxf3 43. gxf3 Qe7 44. Kg2 Qg5 45. Qxg5 hxg5 46. Bf5 b6 47.
Be6 d4 48. Bc4 a5 49. Kg3 Bd2 50. Kg4 g6 51. Kg3 Kg7 52. Kf2 Kf6 53. Ke2 Bf4 54.
Kd3 Ke5 55. Bf7 g4 56. hxg4 g5 57. Be8 Be3 58. Bb5 Kd6 59. Kc4 Bf2 60. Be8 Ke5
61. Bc6 Kf4 62. Kd3 Bg1 63. Be4 Ke5 64. Kc4 Kd6 65. Bg6 Be3 66. Be4 Bf2 1/2-1/2

[Event "World Rapid Women 2022"]
[Site "Almaty KAZ"]
[Date "2022.12.26"]
[Round "3.36"]
[White "Eric, Jovana"]
[Black "Shukhman, Anna"]
[Result "0-1"]
[WhiteTitle "WGM"]
[BlackTitle "WFM"]
[WhiteElo "2236"]
[BlackElo "2161"]
[WhiteFideId "938238"]
[BlackFideId "54180058"]
[EventDate "2022.12.26"]

1. e4 c5 2. Nf3 a6 3. c3 d5 4. exd5 Qxd5 5. d4 Nf6 6. Be2 e6 7. c4 Qd8 8. O-O
cxd4 9. Nxd4 Bd6 10. Nc3 O-O 11. h3 Qc7 12. Ndb5 axb5 13. Nxb5 Bh2+ 14. Kh1 Qe5
15. f4 Qc5 16. Kxh2 Nc6 17. Qd6 Qf5 18. Nd4 Nxd4 19. Qxd4 b5 20. cxb5 Bb7 21.
Qe5 Qc2 22. Bf3 Bxf3 23. Rxf3 Rad8 24. Rg3 Kh8 25. b3 Rd5 26. Qb2 Qe4 27. a4 Rc8
28. Rc3 Rcd8 29. Be3 Rh5 30. Kg1 Nd5 31. Re1 Nxc3 32. Qxc3 Qg6 33. Bb6 Rg8 34.
Bd4 Rd5 35. b6 f6 36. b7 Rdd8 37. a5 Qf5 38. a6 Qb5 39. Rxe6 Qd5 40. Rb6 Rge8
41. a7 Re2 42. Qf3 Qxd4+ 43. Kh2 Qxb6 44. a8=Q Ree8 45. b4 Qxb4 46. Qa7 Rb8 47.
Qa6 Re7 48. Qac6 Rexb7 49. Qe3 Qf8 50. f5 Rb3 51. Qd4 h6 52. Qdc4 R3b6 53. Qd7
R6b7 54. Qde6 Re7 55. Qd6 Rd8 56. Qa3 Qe8 57. Qcc5 Re5 58. Qf2 Qb5 59. Qaf3 Rde8
60. Qf4 Re4 61. Q4g3 Qd5 62. Qa7 R4e7 63. Qaf2 Qe4 64. Qff3 Qd4 65. Qff4 Qxf4
66. Qxf4 Re5 67. g4 Re3 68. Qa4 Rd8 69. Qa5 Rdd3 70. Qa8+ Kh7 71. h4 Re2+ 0-1

[Event "World Rapid Women 2022"]
[Site "Almaty KAZ"]
[Date "2022.12.26"]
[Round "3.37"]
[White "Ovod, Evgenija"]
[Black "Tereladze, Sopio"]
[Result "0-1"]
[WhiteTitle "IM"]
[BlackTitle "WIM"]
[WhiteElo "2323"]
[BlackElo "2215"]
[WhiteFideId "4131827"]
[BlackFideId "13600486"]
[EventDate "2022.12.26"]

1. e4 e5 2. Nf3 Nc6 3. Bc4 Nf6 4. d3 Be7 5. O-O O-O 6. Nbd2 d6 7. a4 Be6 8. a5
a6 9. Re1 Qd7 10. Nf1 Rfe8 11. Ng3 h6 12. c3 Bf8 13. h3 Bxc4 14. dxc4 g6 15. Be3
Rad8 16. b4 Qe6 17. Qe2 Bg7 18. Red1 Nd7 19. Qd3 Rf8 20. Qd5 Qe8 21. b5 Nf6 22.
Qd3 Nb8 23. Qb1 Kh7 24. bxa6 bxa6 25. c5 Qc6 26. cxd6 cxd6 27. Qb6 Rfe8 28. Qxc6
Nxc6 29. Bb6 Rd7 30. c4 Bf8 31. Ra2 Rc8 32. Rad2 Rb7 33. Ne1 Nd7 34. Nc2 Nxb6
35. axb6 Rxb6 36. Ne3 Nd4 37. Ne2 Nxe2+ 38. Rxe2 a5 39. Ra1 Ra6 40. Rea2 Rc5 41.
Ra4 Be7 42. Kf1 Bd8 43. Ke2 Rb6 44. R1a2 Kg7 45. Kd3 Rb7 46. Nd5 f5 47. f3 Kf7
48. Kc3 Bh4 49. Rb2 Be1+ 50. Kc2 Rxb2+ 51. Kxb2 Ke6 52. Kc2 Rc8 53. Kd3 Rb8 54.
Nc7+ Kf6 55. Nb5 Bb4 56. Ra2 f4 57. Nc7 Kg5 58. Nd5 Kh4 59. Ke2 Bc5 60. Nc3 Kg3
61. Kf1 Rb3 62. Ne2+ Kh2 63. Nc1 Rb1 64. g4+ Kxh3 0-1

[Event "World Rapid Women 2022"]
[Site "Almaty KAZ"]
[Date "2022.12.26"]
[Round "3.38"]
[White "Nurgaliyeva, Zarina"]
[Black "Gaboyan, Susanna"]
[Result "1-0"]
[WhiteTitle "WFM"]
[BlackTitle "WIM"]
[WhiteElo "2013"]
[BlackElo "2200"]
[WhiteFideId "13730096"]
[BlackFideId "13303627"]
[EventDate "2022.12.26"]

1. e4 c5 2. Nf3 Nc6 3. Bb5 g6 4. O-O Bg7 5. Nc3 e6 6. Bxc6 bxc6 7. d3 d5 8. Na4
c4 9. dxc4 Qa5 10. c3 dxe4 11. Ng5 Nf6 12. b4 Qa6 13. Qb3 O-O 14. Nc5 Qb6 15.
Ngxe4 Nxe4 16. Nxe4 Qc7 17. Be3 f5 18. Ng5 h6 19. Nf3 e5 20. Bc5 Rf7 21. Rad1
Rd7 22. Rxd7 Bxd7 23. Rd1 Re8 24. Bd6 Qc8 25. Re1 e4 26. Nd4 g5 27. Bc5 f4 28.
Qc2 Bxd4 29. Bxd4 Bf5 30. Qa4 Re7 31. Qa5 Bg6 32. Qc5 Rf7 33. Qe5 Rh7 34. b5 f3
35. a4 Qg4 36. Qb8+ Kf7 37. Qc7+ Kg8 38. Qd8+ Kf7 39. Qf6+ Ke8 40. Qxg6+ Kd8 41.
Qd6+ Rd7 42. Qb8+ Ke7 43. Qg3 Qf5 44. gxf3 c5 45. fxe4 Qe6 46. Bxc5+ Kf7 47.
Qf3+ Kg7 48. Qf8+ Kg6 49. Qf5+ Qxf5 50. exf5+ Kxf5 51. Bd4 Kg4 52. c5 Kh3 53. c6
Rf7 54. a5 h5 55. b6 axb6 56. axb6 g4 57. c7 Rf8 58. Re3+ Kh4 59. c8=Q g3 60.
hxg3+ Kg5 61. Qxf8 h4 62. Qf6+ Kh5 63. Re5+ Kg4 64. Qf5# 1-0

[Event "World Rapid Women 2022"]
[Site "Almaty KAZ"]
[Date "2022.12.26"]
[Round "3.39"]
[White "Paramzina, Anastasya"]
[Black "Samaganova, Aleksandra"]
[Result "1-0"]
[WhiteTitle "WGM"]
[BlackTitle "WFM"]
[WhiteElo "2227"]
[BlackElo "1884"]
[WhiteFideId "4165012"]
[BlackFideId "13800221"]
[EventDate "2022.12.26"]

1. e4 c5 2. Nf3 e6 3. b3 Nf6 4. e5 Nd5 5. c4 Nc7 6. d4 cxd4 7. Qxd4 Nc6 8. Qg4
Bb4+ 9. Bd2 O-O 10. a3 Bxd2+ 11. Nbxd2 f6 12. Bd3 f5 13. Qf4 Ne7 14. O-O Ng6 15.
Qd4 b6 16. Rad1 Bb7 17. Be2 Qe7 18. Nb1 Rfd8 19. h4 Be4 20. Ng5 Nf4 21. Qe3
Nxe2+ 22. Qxe2 Bxb1 23. Rxb1 h6 24. Nf3 Qxa3 25. b4 Qa6 26. Rfd1 Rac8 27. Nd4
Qb7 28. Rd3 d5 29. exd6 Rxd6 30. Qe5 Ne8 31. Rbd1 Rcd8 32. c5 bxc5 33. bxc5 Rd5
34. Qxe6+ Qf7 35. Qxf7+ Kxf7 36. Nc6 Rxd3 37. Nxd8+ Rxd8 38. Rxd8 Ke7 39. Ra8
Nc7 40. Rxa7 Kd7 41. Kh2 Kc6 42. Kg3 g6 43. Kf4 Ne6+ 44. Ke5 Nxc5 45. Kf6 Ne4+
46. Kxg6 Nxf2 47. Kxf5 Kd5 48. Rd7+ Kc4 49. g4 1-0

[Event "World Rapid Women 2022"]
[Site "Almaty KAZ"]
[Date "2022.12.26"]
[Round "3.40"]
[White "Foudzi, Siti Zulaikha"]
[Black "Kim, Kristina"]
[Result "1-0"]
[WhiteTitle "WIM"]
[BlackTitle "WCM"]
[WhiteElo "2136"]
[BlackElo "1930"]
[WhiteFideId "5700965"]
[BlackFideId "13712438"]
[EventDate "2022.12.26"]

1. e4 Nf6 2. e5 Nd5 3. d4 d6 4. Nf3 g6 5. h3 Bg7 6. a3 O-O 7. Bd3 Nc6 8. Qe2 Nb6
9. O-O dxe5 10. dxe5 Nd4 11. Nxd4 Qxd4 12. Re1 Be6 13. Nd2 Qh4 14. Nf3 Qh5 15.
b3 Bd5 16. Be4 c6 17. Bb2 e6 18. c4 Bxe4 19. Qxe4 Rfd8 20. Rad1 Qf5 21. Qxf5
gxf5 22. a4 Rac8 23. a5 Nd7 24. Ba3 Bf8 25. Bd6 Bxd6 26. exd6 c5 27. Ne5 Nxe5
28. Rxe5 Rc6 29. Kf1 Kf8 30. Ke2 Ke8 31. g4 fxg4 32. hxg4 Kd7 33. Rh5 Rh8 34.
Rd3 Rxd6 35. Rxc5 Rg8 36. f3 h6 37. Rh5 Rg6 38. Rb5 Rxd3 39. Kxd3 Kc6 40. Ke4 b6
41. a6 f6 42. Rh5 Kd6 43. b4 Kc6 44. Rh1 Kd6 45. Rd1+ Kc6 46. Rd8 Rg7 47. Rh8
f5+ 48. gxf5 exf5+ 49. Kxf5 Rf7+ 50. Ke4 Re7+ 51. Kd4 Rd7+ 52. Ke5 Re7+ 53. Kd4
Rd7+ 54. Kc3 Rd6 55. b5+ Kc7 56. Rh7+ Kb8 57. Rb7+ Ka8 58. Rf7 Kb8 59. f4 h5 60.
Rb7+ Ka8 61. Rh7 Kb8 62. Rxh5 Rf6 63. f5 Kc7 64. Rg5 Rf7 65. Kd4 Kd7 66. Kd5 Ke7
67. Ke5 Rh7 68. f6+ Kf8 69. Rg7 Rh4 70. Rxa7 Rxc4 71. Rb7 Rc5+ 72. Ke6 1-0

[Event "World Rapid Women 2022"]
[Site "Almaty KAZ"]
[Date "2022.12.26"]
[Round "3.41"]
[White "Nurmanova, Alua"]
[Black "Madi, Aidana"]
[Result "1-0"]
[WhiteTitle "WIM"]
[WhiteElo "2191"]
[BlackElo "1583"]
[WhiteFideId "13729390"]
[BlackFideId "13722689"]
[EventDate "2022.12.26"]

1. e4 c5 2. Nf3 d6 3. d4 cxd4 4. Nxd4 Nf6 5. Nc3 a6 6. h3 e6 7. g4 Be7 8. g5
Nfd7 9. Be3 b5 10. h4 Bb7 11. a3 Nc6 12. Nxc6 Bxc6 13. Qd4 O-O 14. Be2 Rb8 15.
f3 Nb6 16. Rd1 d5 17. e5 Nc4 18. Bxc4 dxc4 19. Qa7 Qe8 20. O-O Bb7 21. Bc5 Bxc5+
22. Qxc5 Rc8 23. Qd6 Qd8 24. Kg2 Qc7 25. Rd4 Qc6 26. Ne4 a5 27. Rfd1 Qxd6 28.
Nxd6 Rc7 29. Nxb5 Rc5 30. Nd6 Ba8 31. Nxc4 Bd5 32. Ne3 Bc6 33. Rd6 Rxe5 34. Kf2
Bb7 35. c4 h6 36. gxh6 gxh6 37. b4 axb4 38. axb4 Kh7 39. Rd7 Bc6 40. Rc7 Ba4 41.
Ra1 Bb3 42. Ra3 Rd8 43. Rxb3 Rd2+ 44. Kg3 h5 45. Rxf7+ Kg6 46. Rf4 Re2 47. Re4
Kf6 48. Rxe5 Kxe5 49. b5 Kd4 50. b6 1-0

[Event "World Rapid Women 2022"]
[Site "Almaty KAZ"]
[Date "2022.12.26"]
[Round "3.42"]
[White "Balakanova, Gulnar"]
[Black "Arabidze, Meri"]
[Result "0-1"]
[WhiteTitle "WFM"]
[BlackTitle "IM"]
[WhiteElo "1743"]
[BlackElo "2427"]
[WhiteFideId "13705890"]
[BlackFideId "13604040"]
[EventDate "2022.12.26"]

1. d4 Nf6 2. c4 e6 3. g3 d5 4. Bg2 Be7 5. Nc3 O-O 6. Nf3 dxc4 7. O-O Nc6 8. Qa4
Nxd4 9. Nxd4 Qxd4 10. Be3 Qd8 11. Qxc4 c6 12. Rfd1 Bd7 13. Rd2 Qc8 14. Rad1 Rd8
15. h3 Be8 16. Rxd8 Bxd8 17. Bd4 Be7 18. Be5 Nd7 19. Bf4 Nb6 20. Qe4 Nd5 21. Qc2
Nxf4 22. gxf4 c5 23. Be4 h6 24. e3 Bc6 25. Bd3 b6 26. Ne4 Qc7 27. Ng3 Rd8 28.
Nh5 Bf3 29. Qc3 Bxh5 0-1

[Event "World Rapid Women 2022"]
[Site "Almaty KAZ"]
[Date "2022.12.26"]
[Round "3.43"]
[White "Bauyrzhan, Arnash"]
[Black "Serikbay, Assel"]
[Result "1/2-1/2"]
[BlackTitle "WIM"]
[WhiteElo "2041"]
[BlackElo "2230"]
[WhiteFideId "13706322"]
[BlackFideId "13706799"]
[EventDate "2022.12.26"]

1. e4 c5 2. Nf3 d6 3. Bb5+ Nd7 4. d4 cxd4 5. Qxd4 a6 6. Bxd7+ Bxd7 7. O-O Rc8 8.
c4 Qc7 9. b3 Nf6 10. Bg5 Bc6 11. Nc3 h6 12. Bxf6 gxf6 13. Nd5 Bxd5 14. exd5 Qd7
15. Rae1 Rg8 16. g3 Qg4 17. Qxg4 Rxg4 18. h3 Rg8 19. Nd4 Kd7 20. Re4 Rg5 21. Nf3
Rg6 22. Nd4 Rg5 23. Nf3 Rg6 24. Nd4 Rg5 25. Nf3 Rg6 1/2-1/2

[Event "World Rapid Women 2022"]
[Site "Almaty KAZ"]
[Date "2022.12.26"]
[Round "3.44"]
[White "Mikhaylova, Irina"]
[Black "Kaldarova, Ayaulym"]
[Result "0-1"]
[WhiteTitle "WGM"]
[WhiteElo "2257"]
[BlackElo "1832"]
[WhiteFideId "4109040"]
[BlackFideId "13720503"]
[EventDate "2022.12.26"]

1. d4 d6 2. Nf3 g6 3. c4 Bg7 4. Nc3 Bg4 5. g3 Bxf3 6. exf3 Nd7 7. Bg2 e5 8. dxe5
dxe5 9. O-O Ne7 10. f4 c6 11. fxe5 Nxe5 12. Qe2 O-O 13. Rd1 Qb6 14. b3 Rfe8 15.
Na4 Qa5 16. Bd2 Qc7 17. f4 Nd7 18. Rac1 Nf5 19. Qd3 Rad8 20. Qb1 Nf6 21. Bc3
Rxd1+ 22. Rxd1 b5 23. Be5 Rxe5 24. fxe5 Ng4 25. Nc3 Qb6+ 0-1

[Event "World Rapid Women 2022"]
[Site "Almaty KAZ"]
[Date "2022.12.26"]
[Round "3.45"]
[White "Omonova, Umida"]
[Black "Bayasgalan, Khishigbaatar"]
[Result "1-0"]
[WhiteTitle "WFM"]
[BlackTitle "WCM"]
[WhiteElo "2052"]
[BlackElo "1811"]
[WhiteFideId "14210363"]
[BlackFideId "4904311"]
[EventDate "2022.12.26"]

1. e4 c5 2. Nf3 e6 3. d4 cxd4 4. Nxd4 a6 5. Bd3 Nf6 6. O-O Qc7 7. Qe2 d6 8. c4
Nbd7 9. b3 Be7 10. Bb2 b6 11. Nc3 Bb7 12. f4 h5 13. f5 e5 14. Nf3 h4 15. Nd5
Bxd5 16. cxd5 Qc5+ 17. Kh1 Nh5 18. Ng1 Nf4 19. Qd2 b5 20. Rac1 Qa7 21. Ne2 Nh5
22. Rf3 Ndf6 23. h3 Nh7 24. Qc3 Ng5 25. Rff1 Rd8 26. Bb1 Nf6 27. Kh2 Ngxe4 28.
Bxe4 Nxe4 29. Qc6+ Kf8 30. Qc2 Qe3 31. Rf3 Qd2 32. Qxe4 Qxb2 33. Rc2 Qa3 34. b4
Qa4 35. Nc3 Qxc2 36. Qxc2 Rc8 37. Qe2 Bg5 38. Ne4 Bf4+ 39. Rxf4 exf4 40. Nxd6
Rd8 41. Nb7 Rxd5 42. Qe4 Rd7 43. Qc6 Re7 44. Nd6 Kg8 45. f6 gxf6 46. Qc8+ Kh7
47. Qf5+ Kg8 48. Qg4+ Kf8 49. Nf5 Rg8 50. Qd1 1-0

[Event "World Rapid Women 2022"]
[Site "Almaty KAZ"]
[Date "2022.12.26"]
[Round "3.47"]
[White "Druzhinina, Olga"]
[Black "Chen, Jocelyn"]
[Result "1-0"]
[BlackTitle "WCM"]
[WhiteElo "2245"]
[BlackElo "1854"]
[WhiteFideId "4141911"]
[BlackFideId "30947154"]
[EventDate "2022.12.26"]

1. e4 c5 2. Nf3 d6 3. Bb5+ Bd7 4. Bxd7+ Qxd7 5. c4 e5 6. Nc3 Nf6 7. d3 Nc6 8. a3
a6 9. Rb1 g6 10. b4 Bg7 11. O-O O-O 12. h3 Rab8 13. Be3 cxb4 14. axb4 b5 15.
cxb5 axb5 16. Qb3 Qe6 17. Nd5 Rfc8 18. Rfc1 Qe8 19. Nb6 Rc7 20. Ra1 Rcb7 21. Ra6
Ra7 22. Rxa7 Nxa7 23. Rc7 Nc8 24. Nd5 Qd8 25. Bg5 Kf8 26. Qc2 Ra8 27. Nxf6 1-0